Introduction to American public education / (Record no. 50237)
[ view plain ]
| 000 -LEADER | |
|---|---|
| fixed length control field | 00798nam a2200253 a 4500 |
| 001 - CONTROL NUMBER | |
| control field | 50237 |
| 003 - CONTROL NUMBER IDENTIFIER | |
| rucl marc code | BD-RjUL |
| 005 - DATE AND TIME OF LATEST TRANSACTION | |
| control field | 20211209075459.0 |
| 008 - FIXED-LENGTH DATA ELEMENTS--GENERAL INFORMATION | |
| fixed length control field | 160824s1942 nyua b 001 0 eng d |
| 035 ## - SYSTEM CONTROL NUMBER | |
| System control number | (BD-RjUL)50357 |
| 040 ## - CATALOGING SOURCE | |
| Original cataloging agency | ANL |
| Language of cataloging | eng |
| Transcribing agency | ANL |
| Modifying agency | BD-RjUL |
| 041 ## - LANGUAGE CODE | |
| Language code of text/sound track or separate title | eng |
| 082 04 - DEWEY DECIMAL CLASSIFICATION NUMBER | |
| Classification number | 370.973 |
| Edition number | 23 |
| Author mark and year | DEI 1942 |
| 100 1# - MAIN ENTRY--PERSONAL NAME | |
| Personal name | De Young, Chris Anthony |
| Dates associated with a name | 1898- |
| 9 (RLIN) | 150133 |
| 245 10 - TITLE STATEMENT | |
| Title | Introduction to American public education / |
| Statement of responsibility, etc. | Chris Anthony De Young |
| 260 ## - PUBLICATION, DISTRIBUTION, ETC. (IMPRINT) | |
| Place of publication, distribution, etc. | New York : |
| Name of publisher, distributor, etc. | McGraw-Hill, |
| Date of publication, distribution, etc. | 1942 |
| 300 ## - PHYSICAL DESCRIPTION | |
| Pagination | viii, 727 p. : |
| Illustrations | ill ; |
| Size | 24 cm. |
| 490 ## - SERIES STATEMENT | |
| Series statement | War department education mannual - |
| Volume/sequential designation | EM 913 |
| 500 ## - GENERAL NOTE | |
| General note | Includes index |
| 504 ## - BIBLIOGRAPHY, ETC. NOTE | |
| Bibliography, etc | Includes index |
| 650 #0 - SUBJECT ADDED ENTRY--TOPICAL TERM | |
| Topical term or geographic name as entry element | Education |
| Geographic subdivision | United States. |
| 9 (RLIN) | 150135 |
| 830 ## - SERIES ADDED ENTRY--UNIFORM TITLE | |
| Uniform title | War department education mannual - |
| Volume number/sequential designation | EM 913 |
| 942 ## - ADDED ENTRY ELEMENTS (KOHA) | |
| Source of classification or shelving scheme | Dewey Decimal Classification |
| Koha item type | Books |
| Lost status | Source of classification or shelving scheme | Damaged status | Not for loan | Collection code | Permanent Location | Current Location | Shelving location | Date acquired | Source of acquisition | Total Checkouts | Full call number | Date last seen | Copy number | Koha item type |
|---|---|---|---|---|---|---|---|---|---|---|---|---|---|---|
| Dewey Decimal Classification | Non-fiction | Central Library, University of Rajshahi | Central Library, University of Rajshahi | 05/03/1957 | U.S.A. | 370.973 DEI 1942 | 24/08/2016 | C-2 | Books |